|
|
|
|
| LEADER |
01051nab a2200277 i 4500 |
| 001 |
publ28467 |
| 005 |
20231018134917.0 |
| 008 |
231018s2023 hu o 0|| Angol d |
| 022 |
|
|
|a 0949-8257
|
| 024 |
7 |
|
|a 10.1007/s00775-023-01988-1
|2 doi
|
| 024 |
7 |
|
|a 33667360
|2 mtmt
|
| 040 |
|
|
|a SZTE Publicatio Repozitórium
|b hun
|
| 041 |
|
|
|a Angol
|
| 100 |
1 |
|
|a Hajdu Bálint
|
| 245 |
1 |
0 |
|a Zinc binding of a Cys2His2-type zinc finger protein is enhanced by the interaction with DNA
|h [elektronikus dokumentum] /
|c Hajdu Bálint
|
| 260 |
|
|
|c 2023
|
| 300 |
|
|
|a 301-315
|
| 490 |
0 |
|
|a JOURNAL OF BIOLOGICAL INORGANIC CHEMISTRY
|v 28 No. 3
|
| 650 |
|
4 |
|a Kémiai tudományok
|
| 700 |
0 |
2 |
|a Hunyadi-Gulyás Éva Csilla
|e aut
|
| 700 |
0 |
2 |
|a Kato Kohsuke
|e aut
|
| 700 |
0 |
2 |
|a Kawaguchi Atsushi
|e aut
|
| 700 |
0 |
2 |
|a Nagata Kyosuke
|e aut
|
| 700 |
0 |
2 |
|a Gyurcsik Béla
|e aut
|
| 856 |
4 |
0 |
|u http://publicatio.bibl.u-szeged.hu/28467/3/33667360_megjelent.pdf
|z Dokumentum-elérés
|
| 856 |
4 |
0 |
|u http://publicatio.bibl.u-szeged.hu/28467/1/JBIC202328301-315Gyurcsik.pdf
|z Dokumentum-elérés
|